Journal of Property Management

Bibliographic Details
Format: eBook
Language:English
Published: Chicago: Institute of Real Estate Management, 2018 -
Subjects:
Online Access:Acceso restringido

MARC

LEADER 00000nam a22000007a 4500
005 20191018221048.0
007 cr|||| ||||
008 191018c20189999us br|w s|||| 0|||b1eng d
022 |a 0022-3905 
035 |a 3717 
040 |a vLex 
090 |c 9920  |d 9920 
245 0 0 |a Journal of Property Management  |h [Recurso electrn̤ico] / 
256 |a Servicio en ln̕ea 
260 |a Chicago:  |b Institute of Real Estate Management,  |c 2018 - 
300 |a 1 recurso electrn̤ico 
310 |a Bimestral 
506 1 |a Disponible solo en los productos indicados  |d vLex Global  |d vLex Global (Academic Edition, excluding Law Schools)  |d vLex Global (Academic Edition, Law Schools) 
650 0 4 |a Administracin̤ (Management)  |z Estados Unidos 
740 0 |a vLex Revistas (Servicio en ln̕ea) 
856 4 0 |u http://vlex.com/source/journal-property-management-3717  |z Acceso restringido 
942 |c REV 
999 0 |a Administration